000 00867nam a22002177a 4500
005 20260515114031.0
010 _aB-747318-330 ENG-148507 E.N.A./7.11.22
020 _a9789351381396
_c339.00
035 _aB-747318-330
035 _aEN-132039
037 _bLaxmi Publication
037 _bDBAD
082 _21
_a485
100 _aKrishnaswamy, N.
_989110
245 _aModern English:
_bA Book of Grammer , Usage and Composition/
_cN. Krishnaswamy
260 _aNew Delhi
_bTrinity Press
_c2021
270 _a113, GOLDEN HOUSE GURUDWARA ROAD DARYAGANJ
_bNEW DELHI
_e110002
300 _a497p.
_c22cm(pbk)
942 _2ddc
_cEN
_mKRI
_h485
999 _c194021
_d194021